000 00900nam0a22003011 4500
001 v19\rc\1949970
005 20251118180915.8
035 _a(NLR Aleph) 005035010
090 _a6731747
_c6731747
100 _a20080428d1913 u y0rusy50 ca
101 0 _arus
102 _aRU
105 _ay z |||a|
200 1 _aСкрипка ведьмы
_eТретья кн. стихов
_fД. Коковцов
210 _aСанкт-Петербург
_cтип. "Энергия "
_d1913
215 _a112 с.
_d20
700 1 _aКоковцев
_bД.И.
_f1887-1918
_gДмитрий Иванович
801 0 _aRU
_bNLR
_gpsbo
801 0 _aRU
_bRuMoRGB
_2psbo
801 1 _aRU
_bProSoft-M
_2rusmarc
852 _aNLR
_j37.55.7.110
852 _aNLR
_j129/1506
899 _aRuMoRGB
_jU 26/246 (3)
899 _aRuMoRGB
_jU 465/12
899 _aRuMoRGB
_jМК
899 _aБАН
942 _cBOOK
980 _aNB